| 000 | 01075nam0a22002771 4500 | ||
|---|---|---|---|
| 001 | v19\rc\1923686 | ||
| 005 | 20251118180656.8 | ||
| 035 | _a(NLR Aleph) 005009964 | ||
| 090 |
_a6477072 _c6477072 |
||
| 100 | _a20080404d1912 u y0rusy50 ca | ||
| 101 | 0 | _arus | |
| 102 | _aRU | ||
| 105 | _aa z ||||| | ||
| 200 | 1 |
_aЦарство камней _eАтлас минералов _e96 раскраш. фигур на 12 табл. с объясн. текстом _fСост. проф. Г. Керт _gПер. М.М. Кругловского |
|
| 210 |
_aСанкт-Петербург _aМосква _cМ.О. Вольф _d1912 _eСанкт-Петербург |
||
| 215 |
_a20 с., 1 л. фронт. (цв. ил.), 11 л. цв. ил. _d16х19 |
||
| 700 | 1 |
_aКерт _bГ. _4220 |
|
| 702 | 1 |
_aКругловский _bМ.М. _gМихаил Михайлович _4730 |
|
| 801 | 0 |
_aRU _bNLR _gpsbo |
|
| 801 | 0 |
_aRU _bRuMoRGB _2psbo |
|
| 801 | 1 |
_aRU _bProSoft-M _2rusmarc |
|
| 852 |
_aNLR _j37.40.8.54 |
||
| 899 |
_aRuMoRGB _jV 67/139 |
||
| 899 |
_aRuMoRGB _jU 458/296 |
||
| 942 | _cBOOK | ||
| 980 | _aNB | ||